000 00975nam a2200265 i 4500
001 000032083
003 DO-SdBNP
005 20230927112010.0
007 ta
008 110712s1993 dr d r 000 0 spa d
040 _aDO-SdBNP
_bspa
_cBNPHU
_erda
082 4 _bI59m
_222
100 1 _aRamírez, Nelson,
_97129
_eautor
245 1 4 _aLas migraciones internas en República Dominicana :
_b(análisis de los resultados del cuestionario de hogar ampliado. Encuesta demográfica y de salud de 1991) /
_cNelsón Ramírez.
264 _aSanto Domingo :
_bInstituto de Estudios de Población y Desarrollo,
_c1993.
300 _a48 páginas :
_bgráficos ;
_c27 p.
336 _2rdacontent
_atexto
_btxt
337 _2rdamedia
_asin mediación
_bn
338 _2rdacarrier
_avolumen
_bnc
490 _aMonográfica
_v02
500 _aIncluye referencias bibliográficas y notas al pie de las páginas.
590 _aInventariado, 2023/BT
910 _aBtavárez
942 _2ddc
_cLF2
999 _c31574
_d31574